Squid Game actors - Statistics

General Stats
  • This quiz has been taken 37 times
  • The average score is 5 of 16
Answer Stats
Actors name Actors' real name % Correct
Seong Gi-hun Lee Jung-jae
93%
Kim Jun Hee Jo Yu-ri
83%
Front Man Lee Byung-hun
77%
The Salesman Gong Yoo
67%
Thanos Choi Seung-hyun
37%
Cho Hyun-ju Park Sung-hoon
37%
Cho Sang-woo Park Hae-soo
30%
Hwang Jun-ho Wi Ha-joon
27%
Ali Abdul Anupam Tripathi
20%
Kang Sae-byeok Jung Ho-yeon
17%
Oh Il-nam O Yeong-su
17%
Eat the Dangola candy If you wanna die
3%
Kang Sae-ho Ha-neul Kung
0%
Game Operator voice Jun Young-soo
0%
Han Mi-nyeo Ju-ryoung Kim
0%
Ji-yeong Voomee Lee
0%
No matching quizzes found
Score Distribution
Percent of People with Each Score
Percentile by Number Answered
Your Score History
You have not taken this quiz